Introduction to engineering mechanics (Record no. 17563)

000 -LEADER
fixed length control field 00597nam a22002051 4500
001 - CONTROL NUMBER
control field 17563
003 - CONTROL NUMBER IDENTIFIER
control field BD-DhUET
008 - FIXED-LENGTH DATA ELEMENTS--GENERAL INFORMATION
fixed length control field 100604s1961 maua b 000 0 eng
040 ## - CATALOGING SOURCE
Original cataloging agency DLC
Transcribing agency DLC
Modifying agency BD-DhUET
082 ## - DEWEY DECIMAL CLASSIFICATION NUMBER
Classification number 620.1
Item number HUD/1961
100 ## - MAIN ENTRY--PERSONAL NAME
Personal name Huddleston, John V.
245 10 - TITLE STATEMENT
Title Introduction to engineering mechanics
250 ## - EDITION STATEMENT
Edition statement 1st ed.
260 ## - PUBLICATION, DISTRIBUTION, ETC. (IMPRINT)
Place of publication, distribution, etc. Massachusetts
Name of publisher, distributor, etc. Addison-Wesley Publishing
Date of publication, distribution, etc. 1961
300 ## - PHYSICAL DESCRIPTION
Extent xii, 493 p.
Other physical details ill.
Dimensions 24 cm.
490 0# - SERIES STATEMENT
Series statement Addison-Wesley series in the engineering sciences
504 ## - BIBLIOGRAPHY, ETC. NOTE
Bibliography, etc Includes bibliographies
650 #0 - SUBJECT ADDED ENTRY--TOPICAL TERM
Topical term or geographic name as entry element Engineering mechanics
942 ## - ADDED ENTRY ELEMENTS (KOHA)
Koha item type General Book
Holdings
Source of classification or shelving scheme Price effective from Koha full call number Copy number Sublocation or collection (holding branch) Koha normalized classification for sorting Shelving location Withdrawn status Piece designation (barcode) Not for loan Date acquired Koha item type Lost status Damaged status Koha date last seen Location (home branch)
 2015-03-24620.1/HUD/19611Central Library, BUET620_100000000000000_HUD_1961Circulation section 10262 2015-03-24General Book  2015-03-24Central Library, BUET
 2015-03-24620.1/HUD/19612Central Library, BUET620_100000000000000_HUD_1961Circulation section 38774 2015-03-24General Book  2015-03-24Central Library, BUET
 2015-03-24620.1/HUD/19613Central Library, BUET620_100000000000000_HUD_1961Circulation section 10263 2015-03-24General Book  2015-03-24Central Library, BUET
 2015-03-24620.1/HUD/19614Central Library, BUET620_100000000000000_HUD_1961Circulation section 28806 2015-03-24General Book  2015-03-24Central Library, BUET
 2015-03-24620.1/HUD/19615Central Library, BUET620_100000000000000_HUD_1961Circulation section 9235 2015-03-24General Book  2015-03-24Central Library, BUET
 2015-03-24620.1/HUD/19616Central Library, BUET620_100000000000000_HUD_1961Cataloging to Circulation 9261 2015-03-24General Book  2015-03-24Central Library, BUET
 2015-03-24620.1/HUD/19618Central Library, BUET620_100000000000000_HUD_1961Circulation section 37760 2015-03-24General Book  2015-03-24Central Library, BUET
 2015-03-28620.1/HUD/19617Central Library, BUET620_100000000000000_HUD_1961Circulation section 84383 2015-03-28General Book  2015-03-28Central Library, BUET